| 000 | 00737cab a2200253 4500 | ||
|---|---|---|---|
| 001 | A414 | ||
| 008 | 090401t1981 xxu||||| |||| 00| 0 eng d | ||
| 035 | _a(Sirsi) u29110 | ||
| 041 | _aeng | ||
| 100 | _aHunt, G. | ||
| 245 | _aHow united - the state of the art? | ||
| 260 | _c1981 | ||
| 350 | _a0 | ||
| 490 |
_aChartered Quantity Surveyor _v4(5) December 1981, 131-132(2) |
||
| 520 | _aOutlines the way the American construction industry works and how the QS role is fulfilled. | ||
| 650 | _aCONSTRUCTION INDUSTRY | ||
| 650 | _aQUANTITY SURVEYORS | ||
| 650 | _aUNITED STATES | ||
| 690 | _aBUILT ENVIRONMENT | ||
| 690 | _aOVERSEAS-NORTH AMERICA | ||
| 690 |
_aQuantity surveying _96263 |
||
| 942 | _n0 | ||
| 948 | _c04/03/1997 | ||
| 999 |
_c19595 _d19595 |
||